We're going on a leaf hunt / (Record no. 340976)
[ view plain ]
| 000 -LEADER | |
|---|---|
| fixed length control field | 00487nam a2200193Ia 4500 |
| 008 - FIXED-LENGTH DATA ELEMENTS--GENERAL INFORMATION | |
| fixed length control field | 170918s9999 xx 000 0 und d |
| 020 ## - INTERNATIONAL STANDARD BOOK NUMBER | |
| International Standard Book Number | 9780439873772 |
| 050 ## - LIBRARY OF CONGRESS CALL NUMBER | |
| Item number | M596 2005 |
| 100 ## - MAIN ENTRY--PERSONAL NAME | |
| Personal name | Metzger, Steve |
| 245 ## - TITLE STATEMENT | |
| Title | We're going on a leaf hunt / |
| 245 ## - TITLE STATEMENT | |
| Statement of responsibility, etc | Steve Metzger ; illustrated by Miki Sakamoto. |
| 260 ## - PUBLICATION, DISTRIBUTION, ETC. (IMPRINT) | |
| Place of publication, distribution, etc | New York : |
| 260 ## - PUBLICATION, DISTRIBUTION, ETC. (IMPRINT) | |
| Name of publisher, distributor, etc | Scholastic, |
| 260 ## - PUBLICATION, DISTRIBUTION, ETC. (IMPRINT) | |
| Date of publication, distribution, etc | 2005 |
| 300 ## - PHYSICAL DESCRIPTION | |
| Extent | unpaged : |
| 300 ## - PHYSICAL DESCRIPTION | |
| Other physical details | colored illustration ; |
| 300 ## - PHYSICAL DESCRIPTION | |
| Dimensions | 26cm. |
| 500 ## - GENERAL NOTE | |
| General note | 130 |
| Withdrawn status | Lost status | Damaged status | Home library | Current library | Date acquired | Total Checkouts | Full call number | Barcode | Date last seen | Price effective from | Koha item type |
|---|---|---|---|---|---|---|---|---|---|---|---|
| Stonyhurst Southville International School (Malarayat) | Stonyhurst Southville International School (Malarayat) | 09/18/2017 | LEX M596 2005 | SSISM0048 | 09/18/2017 | 09/18/2017 | Lexile |